[Event "82nd Tata Steel Masters 2020"]
[Site "Wijk aan Zee"]
[Date "2020.01.12"]
[Round "2.4"]
[White "Duda, Jan-Krzysztof"]
[Black "Firouzja, Alireza"]
[Result "1/2-1/2"]
[WhiteElo "2758"]
[BlackElo "2723"]
[Annotator "TA"]
[PlyCount "78"]
[EventDate "2020.01.11"]
[EventType "tourn"]
[EventCountry "NED"]
[SourceTitle "playchess.com"]
[Source "ChessBase"]
[SourceQuality "1"]

{[%evp 10,78,-16,-8,0,-20,-20,-35,-21,-10,26,-55,0,0,0,0,-3,-6,0,0,-9,-13,-7,-25,-25,-25,-18,-32,-25,-25,-23,-24,-35,-27,-38,-17,-16,-164,-170,-190,-169,-177,-139,-156,-77,-80,-87,-87,-8,-8,-8,-14,-8,-6,-2,-17,0,0,0,0,0,0,0,0,0,0,0,0,45,62,70]} 1. d4 d5 2. c4 dxc4 3. e4 e5 4. Nf3 exd4 5. Qxd4 Qxd4 6. Nxd4 Bc5 {D20: Queen's Gambit Accepted: 3 e3 and 3 e4} 7. Nb5 Na6 8. Bf4 Nf6 {Strongly threatening ...c6.Black is slightly better.} 9. N1c3 Ng4 $146 ({Predecessor:} 9... c6 10. Nd6+ Bxd6 11. Bxd6 Be6 12. f3 O-O-O 13. O-O-O Nd7 14. Be2 f6 15. Rd2 Ndc5 16. e5 f5 {0-1 (63) Korobov,A (2700)-Dominguez Perez,L (2732) Berlin 2015}) 10. Bg3 (10. f3 $11 c6 11. Nd6+ (11. fxg4 cxb5 12. Nxb5 Bxg4 $11) (11. Bxc4 Nf2 $11) 11... Bxd6 12. Bxd6) 10... O-O (10... c6 $15 11. Nd6+ Bxd6 12. Bxd6 Be6) 11. Bxc4 $11 c6 12. Nd6 b5 13. Bb3 $132 {[%mdl 2048] White puts up resistance} Nxf2 14. Rf1 Nd3+ $1 15. Kd2 {[%cal Rf1f7]} Nxb2 {Threatening ...Be6.} 16. Rab1 {[#]} Nc4+ $1 17. Nxc4 (17. Bxc4 bxc4) 17... bxc4 18. Bxc4 {With the idea Rxf7!} Rd8+ 19. Kc2 $1 Nb4+ 20. Kb3 {And now a3 would win.} Be6 21. Bxe6 fxe6 22. Rbd1 Be7 23. Kc4 (23. Bc7 $11 Rdc8 24. Rd7) 23... Nc2 $19 24. Rxd8+ Rxd8 25. Rf3 Rd7 {...Na3+ is the strong threat.} 26. Ne2 Rd2 (26... g5 $142 27. Kc3 Na3) 27. Nf4 $17 {[#]} e5 $1 {[%cal Re5f4]} 28. Nd3 Na3+ ({Reject} 28... Rxg2 $6 29. Nxe5 Na3+ 30. Kb3 $11) ({Black should play} 28... Re2 $17 29. Nxe5 Rxe4+ 30. Kd3 {[#]} Rxe5 $1 {[%mdl 512]} 31. Bxe5 Ne1+ {[%mdl 64] Double Attack} 32. Ke2 Nxf3 33. Kxf3 Kf7) 29. Kb3 $11 Nb5 {( -> ...Nd4+)} 30. Bxe5 Rxg2 31. Rg3 Rxg3 32. Bxg3 {[%mdl 4096] Endgame KBN-KBN} Nd4+ 33. Kc4 Nf3 34. Bb8 a5 35. a4 $1 Nd2+ 36. Kd4 Nb3+ 37. Kc4 $1 {[%cal Rc4b3]} Nd2+ {[%mdl 64] Double Attack} 38. Kd4 g5 39. Ne5 {[%mdl 1024] White has compensation.} Bf6 {Accuracy: White = 66%, Black = 54%.} 1/2-1/2

[Event "82nd Tata Steel Masters 2020"]
[Site "Wijk aan Zee"]
[Date "2020.01.12"]
[Round "2.5"]
[White "Xiong, Jeffery"]
[Black "Van Foreest, Jorden"]
[Result "1-0"]
[WhiteElo "2712"]
[BlackElo "2644"]
[Annotator "TA"]
[PlyCount "71"]
[EventDate "2020.01.11"]
[EventType "tourn"]
[EventCountry "NED"]
[SourceTitle "playchess.com"]
[Source "ChessBase"]
[SourceQuality "1"]

{[%evp 21,71,18,18,17,32,31,44,41,31,29,37,33,37,27,35,29,43,-24,87,70,112,99,93,103,159,155,159,170,166,62,64,55,59,64,70,49,52,0,52,37,388,331,486,481,475,480,461,473,522,433,417,396]} 1. e4 c5 2. Nf3 d6 3. Bb5+ Bd7 4. Bxd7+ Qxd7 5. c4 Nf6 6. Nc3 g6 7. d4 cxd4 8. Nxd4 Bg7 9. f3 O-O 10. Be3 Nc6 11. O-O a6 12. Qd3 {B52: Sicilian: Moscow Variation with 3...Bd7} Rfc8 13. b3 $1 b5 14. cxb5 {White is slightly better.} Ne5 15. Qd2 d5 $1 {[#]} 16. Nxd5 $146 ({Predecessor:} 16. Nc6 Nxc6 17. bxc6 Rxc6 18. Rad1 Rac8 19. Nxd5 Nxd5 20. exd5 {½-½ (48) McShane,L (2675)-Van Foreest,J (2632) Germany 2019}) 16... Nxd5 17. exd5 {Strongly threatening b6.} axb5 18. Rad1 b4 19. Qe2 ({Better is} 19. Ne2 $14) 19... Rc3 (19... Bf6 $11 {remains equal.}) 20. Bf2 Bf6 21. Nb5 Rcc8 {[#]} 22. d6 $1 Rab8 {[#]} (22... Ra5 $142) 23. Nc7 $1 $16 {[%cal Rc7d5] Hoping for Nd5.} exd6 24. Nd5 Bd8 25. f4 ({White should play} 25. Rfe1 $18) 25... Ng4 $1 $14 26. Bd4 {And now Rfe1 would win.} Rb5 27. Qf3 Qf5 28. Rfe1 $40 {[%cal Re1e8][%mdl 128] Black needs to defend precisely.} Bh4 29. Bb2 (29. h3 $14 h5 30. Ba1 (30. hxg4 hxg4 31. Ne7+ Bxe7 $17) 30... Rxd5 31. Rxd5) 29... Bf2+ (29... Qc2 $11 30. Ne7+ Bxe7) 30. Kh1 {aiming for Ne7+.} Bh4 $2 {[%mdl 8192]} (30... Kf8 $1 $14 31. Re2 Bc5) 31. g3 $18 Nf2+ (31... Kf8 {was called for.}) 32. Qxf2 Rxd5 33. gxh4 Rxd1 34. Rxd1 Rc2 35. Qd4 {[%csl Gb2][%cal Rd4h8]} f6 36. Rc1 {Accuracy: White = 71%, Black = 40%.} 1-0

[Event "82nd Tata Steel Masters 2020"]
[Site "Wijk aan Zee"]
[Date "2020.01.12"]
[Round "2.6"]
[White "Giri, Anish"]
[Black "Caruana, Fabiano"]
[Result "1/2-1/2"]
[WhiteElo "2768"]
[BlackElo "2822"]
[Annotator "TA"]
[PlyCount "126"]
[EventDate "2020.01.11"]
[EventType "tourn"]
[EventCountry "NED"]
[SourceTitle "playchess.com"]
[Source "ChessBase"]
[SourceQuality "1"]

{[%evp 13,126,0,0,0,0,0,12,0,0,0,0,0,12,12,14,0,19,20,26,27,33,27,25,33,34,30,35,34,34,35,35,35,60,35,35,35,35,35,35,31,40,22,19,8,11,8,6,8,9,0,0,1,1,1,7,7,6,6,35,35,35,35,37,37,35,40,40,39,43,43,43,18,18,17,23,17,19,18,19,8,8,8,8,8,30,8,8,8,8,8,8,8,8,8,8,8,8,8,8,8,8,0,0,0,8,0,0,0,0,0,0,0,0,0,0]} 1. d4 Nf6 2. c4 e6 3. Nc3 Bb4 4. Qc2 O-O 5. e4 d5 6. e5 Ne4 7. Bd3 c5 8. Nf3 {E32: Nimzo-Indian: Classical (4 Qc2): 4...0-0} cxd4 9. Nxd4 Nd7 10. Bf4 Qh4 11. g3 Qh5 12. O-O g5 13. cxd5 {[#]} gxf4 $146 ({Predecessor:} 13... Nxc3 14. dxe6 {½-½ (44) Li,C (2720)-Ni,H (2674) China 2017}) 14. dxe6 Nxc3 15. exd7 Bxd7 {[#] ...Ba4 is the strong threat.} 16. bxc3 Rac8 17. Qd1 Qxd1 18. Raxd1 Bxc3 19. Bf5 Rcd8 {[#] Strongly threatening ...Bxd4.} 20. Bxd7 Rxd7 21. Nf5 Rxd1 22. Rxd1 fxg3 23. hxg3 Bxe5 $14 {[%mdl 4096] Endgame KRB-KRN} 24. Rd7 b6 25. Rxa7 h5 26. Ra6 Rb8 27. Kg2 Kh7 28. Kf3 Bc3 29. Ra7 Kg6 30. Ne7+ Kg7 31. Rc7 Bf6 32. Nf5+ Kg6 33. Ne3 Bd4 34. Nd5 Ra8 35. Nf4+ Kf6 36. Nxh5+ Kg5 37. Nf4 Ra3+ 38. Ke4 Ra4 39. Kd5 {And now Rc4 would win.} Kg4 40. Rc2 Bc5 41. Rd2 Kf5 42. Ng2 Ra5 43. Kc6 Ke4 44. Ne1 Ra3 45. Rc2 f5 46. Kd7 {Threatens to win with Ke6.} f4 47. gxf4 Kxf4 48. Ke6 Kg5 49. Kd5 Kf5 {The position is equal.} 50. Re2 Ra4 51. Kc6 Ra3 52. Nc2 Rf3 53. Ne3+ Ke4 54. Kb5 Kd3 55. Rb2 Bd4 56. Rb3+ Ke4 57. Nd1 Rf5+ 58. Kc4 Rc5+ 59. Kb4 Ra5 60. f3+ Kf4 61. Nc3 Bxc3+ 62. Kxc3 Rxa2 63. Rxb6 Kxf3 {Accuracy: White = 76%, Black = 84%.} 1/2-1/2

[Event "82nd Tata Steel Masters 2020"]
[Site "Wijk aan Zee"]
[Date "2020.01.12"]
[Round "2.7"]
[White "So, Wesley"]
[Black "Anand, Viswanathan"]
[Result "1-0"]
[WhiteElo "2765"]
[BlackElo "2758"]
[Annotator "TA"]
[PlyCount "51"]
[EventDate "2020.01.11"]
[EventType "tourn"]
[EventCountry "NED"]
[SourceTitle "playchess.com"]
[Source "ChessBase"]
[SourceQuality "1"]

{[%evp 15,51,22,28,0,0,-24,34,27,14,5,45,42,46,35,35,31,62,65,73,68,69,54,48,63,38,83,83,91,81,61,211,88,243,245,302,296,290,217]} 1. e4 e5 2. Nf3 Nc6 3. Bc4 Bc5 4. c3 Nf6 5. d3 d6 6. Nbd2 O-O 7. h3 a6 8. Bb3 Be6 9. Bc2 {C54: Giuoco Piano: 4 c3 Nf6, main lines with 5 d4 and 5 d3} (9. Nf1 Bxb3 10. axb3 d5 11. Qc2 Qd7 12. b4 dxe4 13. dxe4 Bxb4 14. cxb4 Nxb4 15. Qc4 Nd3+ 16. Ke2 Rfd8 {1-0 (65) Savchenko,B (2577)-Kramnik,V (2753) Moscow 2019}) 9... d5 10. Ng5 dxe4 $146 (10... Nxe4 $11 11. Ndxe4 dxe4) ({Predecessor:} 10... Nxe4 11. Ndxe4 dxe4 12. O-O e3 13. Nxh7 exf2+ 14. Kh2 Kxh7 15. Qh5+ Kg8 16. d4 f5 17. dxc5 {½-½ (61) Claridge,J-Marcotulli,G (1958) ICCF email 2002}) 11. Nxe6 $14 {White is slightly better.} fxe6 12. dxe4 Bxf2+ 13. Kxf2 {And now Kg3 would win.} Ng4+ $1 {[%mdl 64] Discovered Attack (Double check)} 14. Kg1 Ne3 15. Qe2 Nxc2 16. Rb1 N6d4 17. cxd4 Qxd4+ 18. Kh2 Rf2 $1 {[%cal Rf2e2]} 19. Qg4 {Threatens to win with Nf3.} Ne3 20. Qxe6+ Kh8 {[%csl Ge3][%cal Rf2g2]} 21. Rg1 {Hoping for Nf3.} Qd3 {( -> ...Qe2)} 22. Qxe5 Raf8 {[#]} (22... Nxg2 $1 $14 23. Kh1 (23. Rxg2 Rxg2+ 24. Kxg2 Qe2+ 25. Kg1 Qe3+ 26. Kg2 Qe2+ 27. Kh1 Qe1+ 28. Kg2 Qe2+ $11) 23... Qxh3+ 24. Qh2 Qxh2+ 25. Kxh2 Ne3+ 26. Kh1 Re8) 23. Qg3 ({Less strong is} 23. Qxc7 Nxg2 24. Qg3 (24. Rxg2 $2 Rxg2+ 25. Kxg2 Qe2+ 26. Kg3 Qe3+ 27. Kg4 h5+ {[%mdl 64] Decoy} 28. Kxh5 Qxh3+ 29. Kg5 Rf2 $19) 24... Nf4+ 25. Kh1 Qxg3 $14) (23. Qg5 $1 $18) 23... Qe2 $2 {[#]} (23... R8f6 $16) 24. b4 $1 $18 Rxg2+ 25. Rxg2 Nxg2 26. Qg4 {Accuracy: White = 62%, Black = 53%.} 1-0

[Event "82nd Tata Steel Masters 2020"]
[Site "Wijk aan Zee"]
[Date "2020.01.13"]
[Round "3.1"]
[White "Carlsen, Magnus"]
[Black "Xiong, Jeffery"]
[Result "1/2-1/2"]
[WhiteElo "2872"]
[BlackElo "2712"]
[Annotator "TA"]
[PlyCount "112"]
[EventDate "2020.01.11"]
[EventType "tourn"]
[EventCountry "NED"]
[SourceTitle "playchess.com"]
[Source "ChessBase"]
[SourceQuality "1"]

{[%evp 20,112,41,8,7,6,9,0,0,0,0,0,0,0,0,0,0,0,0,0,0,0,0,-24,-8,-25,0,-27,-27,-27,-42,-57,-57,-59,-59,-59,-59,-59,-59,-63,-53,-70,-8,-53,-36,-47,-47,-48,-51,-41,-61,-64,0,0,0,0,0,0,0,0,0,0,0,0,0,0,0,0,0,0,0,0,0,0,0,0,0,0,0,0,0,0,0,0,0,0,0,0,0,0,0,0,0,0,0]} 1. d4 Nf6 2. c4 e6 3. Nf3 d5 4. Nc3 c5 5. cxd5 Nxd5 6. e4 Nxc3 7. bxc3 cxd4 8. cxd4 Bb4+ 9. Bd2 Bxd2+ 10. Qxd2 O-O 11. Bd3 Nc6 {D41: Queen's Gambit Declined: Semi-Tarrasch with 5 cxd5} 12. Bc2 Qe7 13. O-O Rd8 14. Qe3 (14. Rad1 b6 15. Rfe1 Bb7 16. d5 Na5 17. d6 Qf8 18. e5 Bxf3 19. Qd3 {½-½ (58) Fedoseev,V (2677)-Hou,Y (2664) Jinan 2019}) 14... b6 15. Rfd1 Bb7 16. Rac1 Rac8 17. h4 $146 ({Predecessor:} 17. Bb1 Na5 18. h3 Nc4 19. Qb3 {0-1 (44) Vovk,O (2127)-Smith,T (2252) Helsingor 2015}) 17... Na5 18. Bd3 h6 19. g4 Nc6 20. Bb1 Qd7 21. Kh2 Qd6+ 22. Kg1 Na5 23. Bd3 Rxc1 24. Rxc1 Nc6 {[%cal Rc6d4]} 25. Bb5 Nxd4 26. Qxd4 Qxd4 27. Nxd4 Rxd4 $15 {[%mdl 4096] Endgame KRB-KRB} 28. f3 {Threatening Rc7.} a6 $1 {[%cal Ra6b5]} 29. Bf1 {Black should prevent Rc7.} Rd7 30. a4 Kf8 (30... f6 $15) 31. Kf2 Ke7 32. Rb1 Rd6 33. e5 Rc6 34. Bd3 g5 35. h5 Bc8 ({Better is} 35... a5 $15) 36. Ke3 $11 {The position is equal.} Rc5 37. f4 $1 Ra5 38. Rxb6 gxf4+ 39. Kxf4 Rxa4+ 40. Kf3 $1 Ra3 41. Ke4 f6 42. Rb8 Bd7 43. Rb7 {[#] aiming for exf6+.} fxe5 {And now ...Kd6 would win.} 44. g5 $1 {[%cal Rg5h6]} hxg5 {Hoping for ...Kd6.} 45. h6 $1 {[%cal Rh6h7]} Kd6 {Strongly threatening ...Bc6+.} 46. Rb6+ Bc6+ 47. Rxc6+ $1 Kxc6 {KR-KB} 48. h7 Ra4+ 49. Kxe5 Rh4 50. Kf6 g4 51. Kg5 Rh2 {Threatens to win with ...g3.} 52. Kxg4 Kd5 (52... Kd6 $5 53. Bg6 $8 Rh6 $11) 53. Bg6 {Black must now prevent Bh5.} Rh6 54. Kg5 {[#]} Rxh7 $1 {[%mdl 512]} 55. Bxh7 e5 56. Kg4 Kd4 {Accuracy: White = 86%, Black = 75%.} 1/2-1/2

[Event "82nd Tata Steel Masters 2020"]
[Site "Wijk aan Zee"]
[Date "2020.01.13"]
[Round "3.2"]
[White "Kovalev, Vladislav"]
[Black "Duda, Jan-Krzysztof"]
[Result "1/2-1/2"]
[WhiteElo "2660"]
[BlackElo "2758"]
[Annotator "TA"]
[PlyCount "64"]
[EventDate "2020.01.11"]
[EventType "tourn"]
[EventCountry "NED"]
[SourceTitle "playchess.com"]
[Source "ChessBase"]
[SourceQuality "1"]

{[%evp 9,64,23,15,16,23,19,21,20,49,58,64,64,53,52,35,49,69,45,36,7,37,26,21,27,28,37,37,50,48,0,0,0,0,0,0,0,0,0,0,0,0,0,0,0,0,0,0,0,325,0,0,0,0,0,0,0,0]} 1. e4 c5 2. Nf3 d6 3. Bb5+ Nd7 4. O-O a6 5. Bd3 Ngf6 6. Re1 {B51: Sicilian: Moscow Variation (3 Bb5+) without 3...Bd7} e6 7. c3 b5 8. a4 (8. Bc2 c4 9. a4 Bb7 10. d4 cxd3 11. Qxd3 Nc5 12. Qe2 bxa4 {½-½ (24) Amin,B (2683)-Nepomniachtchi,I (2767) Moscow 2019}) 8... c4 9. Bf1 Bb7 10. axb5 $1 axb5 11. Rxa8 Qxa8 12. Na3 {[%cal Bb1a3,Ba3c4,Bc4d6][%mdl 32]} b4 $146 ({Predecessor:} 12... Bxe4 13. Nxb5 {1-0 (34) Benitez Lozano,J (2270)-Ruiz Sanchez,O (2455) Leon 2017}) 13. Nxc4 (13. Nb5 $5 {[%cal Rb5c7]} Qa5 14. Bxc4 $14) 13... Bxe4 14. d4 Be7 15. Bf4 Bxf3 16. Qxf3 Qxf3 17. gxf3 d5 18. Nd6+ Kf8 $1 19. Ra1 {[#] Strongly threatening Ra8+.} g5 $1 {[%cal Rg5f4]} 20. Bg3 bxc3 21. bxc3 {Hoping for Ra8+.} Kg7 22. Ra7 Bxd6 23. Bxd6 Rc8 24. Bb5 Nf8 25. Be5 Ng6 26. Bd7 $1 {[%cal Rd7c8]} Rxc3 27. Bxe6 $1 Nxe5 28. dxe5 $11 {KRB-KRN} Rc1+ 29. Kg2 Nh5 $1 {[%cal Rh5f4] [#] ( -> ...Nf4+). The position is equal.} 30. Rxf7+ Kh8 {And now ...Nf4+ would win.} 31. Rf8+ Kg7 32. Rf7+ $1 Kh8 {Accuracy: White = 85%, Black = 78%.} 1/2-1/2

[Event "82nd Tata Steel Masters 2020"]
[Site "Wijk aan Zee"]
[Date "2020.01.13"]
[Round "3.3"]
[White "Anand, Viswanathan"]
[Black "Giri, Anish"]
[Result "1/2-1/2"]
[WhiteElo "2758"]
[BlackElo "2768"]
[Annotator "TA"]
[PlyCount "42"]
[EventDate "2020.01.11"]
[EventType "tourn"]
[EventCountry "NED"]
[SourceTitle "playchess.com"]
[Source "ChessBase"]
[SourceQuality "1"]

{[%evp 9,42,26,31,11,22,14,16,8,7,0,13,3,23,24,24,15,30,23,29,30,40,37,60,49,41,48,68,53,73,58,60,36,33,41,96]} 1. e4 e5 2. Nf3 Nc6 3. Bb5 Nf6 4. d3 Bc5 5. Bxc6 dxc6 6. Nbd2 {[%cal Bb1d2,Bd2c4,Bc4a5][%mdl 32] C65: Ruy Lopez: Berlin Defence (3...Nf6), unusual lines and 4 0-0 Bc5} Nd7 (6... Be6 7. O-O Nd7 8. Nb3 Bb6 9. Ng5 Bxb3 10. axb3 f6 11. Nf3 Nf8 12. Nd2 Qd7 13. Nc4 Ne6 {½-½ (62) Anand,V (2756)-Giri,A (2779) Amsterdam 2019}) 7. Nc4 f6 8. c3 {The position is equal.} Nb6 $146 ({Predecessor:} 8... O-O 9. O-O Re8 10. d4 exd4 11. cxd4 Bf8 12. Re1 Nb6 13. Nxb6 axb6 {½-½ (44) Nepomniachtchi,I (2773)-So,W (2760) Kolkata 2019}) 9. Na5 Bd6 10. b4 c5 11. a3 O-O 12. Be3 Nd7 13. O-O b6 14. Nc4 Be7 15. d4 exd4 16. cxd4 cxb4 17. axb4 Kh8 18. Bd2 Nb8 19. d5 f5 {White is slightly better.} 20. exf5 Qxd5 21. Ne3 Qd3 {Accuracy: White = 45%, Black = 64%.} (21... Qd6 $14) 1/2-1/2

[Event "82nd Tata Steel Masters 2020"]
[Site "Wijk aan Zee"]
[Date "2020.01.13"]
[Round "3.4"]
[White "Vitiugov, Nikita"]
[Black "So, Wesley"]
[Result "1/2-1/2"]
[WhiteElo "2747"]
[BlackElo "2765"]
[Annotator "TA"]
[PlyCount "76"]
[EventDate "2020.01.11"]
[EventType "tourn"]
[EventCountry "NED"]
[SourceTitle "playchess.com"]
[Source "ChessBase"]
[SourceQuality "1"]

{[%evp 23,76,23,13,12,12,15,18,20,13,15,14,14,10,25,24,18,30,26,26,26,26,26,26,27,24,27,22,29,22,22,35,35,35,35,35,35,35,0,35,35,35,35,77,77,110,22,22,15,15,0,0,0,15,0,0]} 1. e4 e5 2. Nf3 Nc6 3. Bb5 a6 4. Ba4 Nf6 5. O-O Nxe4 6. d4 b5 7. Bb3 d5 8. dxe5 Be6 9. c3 $146 ({Predecessor:} 9. Be3 Be7 {½-½ (37) Bacrot,E (2715)-Gozzoli,Y (2592) Agen 2017}) 9... Be7 10. Be3 O-O 11. Nbd2 Bg4 12. Nxe4 dxe4 13. Qd5 {C83: Open Ruy Lopez: 9 c3 Be7} Qxd5 14. Bxd5 exf3 15. Bxc6 fxg2 16. Rfe1 Rad8 17. a4 b4 18. cxb4 Bxb4 19. Rec1 Bd2 20. Bxd2 Rxd2 21. b4 {[%cal Bb2b4,Bb4b5,Bb5b6,Bb6b7][%mdl 32]} f6 22. b5 a5 $1 23. Bxg2 fxe5 24. Rxc7 Bf3 $1 25. Bxf3 Rxf3 $11 {[%mdl 4096] Endgame KRR-KRR} 26. Rf1 Rf4 27. b6 {[#] aiming for b7.} Rb2 28. b7 {And now Rd1 would win.} Rf7 29. Rc8+ Rf8 30. Rxf8+ Kxf8 $14 {KR-KR} 31. Re1 Rxb7 {Black wants to play ...Rb4.} 32. Rxe5 Rb4 33. Rxa5 Kf7 {[#]} 34. Kg2 (34. Ra6 $1 $16) 34... h5 $11 {The position is equal.} 35. Kg3 Rg4+ 36. Kf3 Rh4 37. Kg3 Rg4+ $1 38. Kf3 Rh4 {Accuracy: White = 79%, Black = 81%.} 1/2-1/2

[Event "82nd Tata Steel Masters 2020"]
[Site "Wijk aan Zee"]
[Date "2020.01.13"]
[Round "3.5"]
[White "Firouzja, Alireza"]
[Black "Artemiev, Vladislav"]
[Result "1-0"]
[WhiteElo "2723"]
[BlackElo "2731"]
[Annotator "TA"]
[PlyCount "67"]
[EventDate "2020.01.11"]
[EventType "tourn"]
[EventCountry "NED"]
[SourceTitle "playchess.com"]
[Source "ChessBase"]
[SourceQuality "1"]

{[%evp 11,113,5,10,-12,0,0,0,0,0,-46,14,0,64,48,62,59,65,65,59,56,49,35,57,75,83,79,86,74,111,74,107,105,112,107,107,100,139,128,237,239,414,412,588,595,590,590,599,389,373,213,454,456,700,683,697,599,666,683,653,650,781,485,485,482,467,452,450,403,381,375,393,399,383,368,429,429,403,429,388,310,387,375,12837,12840,12838,12839,10972,12237,29975,29976,29979,29980,29981,29982,29983,29984,29984,29985,29985,29986,29985,29986,29987,29988]} 1. e4 c6 2. d4 d5 3. e5 Bf5 4. h4 h5 5. c4 e6 6. Nc3 Ne7 7. Nge2 {B12: Caro-Kann: Advance Variation} Nd7 8. Ng3 Bg6 9. Bg5 {The position is equal.} Qb6 10. Rc1 (10. Na4 $5 {[%cal Ra4b6]} Qc7 11. Nc3 $11) 10... dxc4 (10... Qxb2 $15 11. Bd3 dxc4 12. Bxg6 Nxg6) 11. Bxc4 $11 Nf5 (11... Rd8 $11 12. Na4 Qa5+ 13. Bd2 Qc7) 12. O-O $146 ({Predecessor:} 12. Nxf5 Bxf5 13. O-O {1-0 (42) Sutovsky,E (2673)-Muzychuk,M (2540) Caleta 2018}) 12... Be7 13. Nxf5 Bxf5 14. Bxe7 $1 Kxe7 15. Qd2 Qd8 16. Nd1 {Hoping for Qb4+.} Nb6 17. Ne3 Kf8 18. Nxf5 exf5 19. Bb3 Qxh4 20. Rfe1 {Strongly threatening e6.} Rh6 {[#]} 21. e6 $1 {[%cal Re6f7]} fxe6 22. Bxe6 Re8 23. Bxf5 {Rxe8+ is the strong threat.} Rxe1+ 24. Rxe1 {aiming for Qb4+.} Qd8 (24... Nc4 $16 25. Qb4+ Nd6) 25. Qd3 $18 {Threatens to win with Bg6.} Kf7 $2 (25... Nd5 {was necessary.} 26. Qf3 Kg8 27. Be6+ Kh8) 26. Qf3 {White threatens Be6+! and mate.} Qf6 (26... Kg8 $142 27. Be6+ Rxe6 28. Rxe6 Qd7) 27. Qb3+ Kf8 28. Qa3+ Qd6 {...Qxa3 would now be nice for Black.} 29. Qe3 {[%csl Ge1][%cal Re3e8]} Qd8 30. Qe4 $40 {[%mdl 128] Black is in trouble.} (30. Qf3 $142 {Bg6+ would kill now.} Nd5 31. Bg6+ {[%mdl 64] Discovered Attack} Nf6 32. Re8+ Qxe8 33. Bxe8 Kxe8 34. Qb3) 30... Rf6 $2 (30... Nd5 {might work better.} 31. Be6 h4 32. Qf3+ (32. Bxd5 cxd5 33. Qf5+ Rf6 $16) 32... Nf6) 31. Bg6 Kg8 (31... Rxg6 $142 32. Qxg6 Nd5 33. Qxh5 Qd7) 32. Qh4 Qd5 33. Re8+ Rf8 {[#]} 34. Re5 {Played: Qh4-e7} 1-0

[Event "82nd Tata Steel Masters 2020"]
[Site "Wijk aan Zee"]
[Date "2020.01.13"]
[Round "3.6"]
[White "Van Foreest, Jorden"]
[Black "Dubov, Daniil"]
[Result "1-0"]
[WhiteElo "2644"]
[BlackElo "2683"]
[Annotator "TA"]
[PlyCount "92"]
[EventDate "2020.01.11"]
[EventType "tourn"]
[EventCountry "NED"]
[SourceTitle "playchess.com"]
[Source "ChessBase"]
[SourceQuality "1"]

{[%evp 22,92,14,18,20,0,0,0,0,0,0,0,16,11,28,52,38,35,47,37,50,29,107,99,104,97,125,108,150,127,132,141,137,153,267,183,217,162,259,259,409,408,429,392,392,183,1182,1128,939,274,738,659,2487,2471,2468,2506,2506,2362,2268,2071,29985,29986,29986,29987,29987,29988,29988,29989,29989,29990,29990,29991,29991]} 1. e4 c5 2. Nf3 Nc6 3. c3 Nf6 4. e5 Nd5 5. Bc4 Nb6 6. Bb3 c4 7. Bc2 d5 8. exd6 Qxd6 9. O-O g6 10. Na3 ({Predecessor:} 10. b3 Bg7 {½-½ (31) Tarmak,M (2060)-Kele,K (2012) LSS email 2013}) 10... Bg7 11. b3 cxb3 12. axb3 O-O {B22: Sicilian: 2 c3} 13. d4 $146 (13. Nc4 Nxc4 14. bxc4 Be6 15. Qe2 Qc5 16. Ra4 Na5 17. d4 Qc7 18. Bd3 Rac8 19. Bf4 Qxf4 20. Rxa5 {½-½ (31) Piorun,K (2633)-Wojtaszek,R (2750) Warsaw 2018}) 13... Bg4 14. h3 Bxf3 $1 {The position is equal.} 15. Qxf3 e5 16. Nb5 Qd7 17. Rd1 a6 18. d5 Nb4 19. Na3 Nxc2 20. Nxc2 Rac8 21. c4 f5 (21... e4 $11 22. Qxe4 Rfe8) 22. Ba3 $1 $36 {[%mdl 2048] Black is under strong pressure.} Rf7 23. Rac1 Re8 24. c5 e4 25. Qe2 $1 Nc8 {[#]} ({Don't blunder} 25... Nxd5 $2 26. Qc4 $18) 26. Qc4 $1 Na7 {[#]} 27. Nd4 $1 {[%cal Bc2d4,Bd4e6,Be6g5][%mdl 32]} f4 (27... Qc8 $16 28. Bb2 Nb5) 28. Ne6 Nb5 29. Bb4 e3 (29... Bh6 {might work better.} 30. Qxe4 f3) 30. Ng5 $18 {Black must now prevent c6.} exf2+ (30... Qf5 $142 31. Nxf7 Re4) 31. Kxf2 {c6 is the strong threat.} Qf5 32. Nxf7 Re4 33. c6 (33. Qc2 $142 Kxf7 34. c6 Rxb4 35. Qxf5+ gxf5 36. c7) 33... Kxf7 $2 (33... Rxc4 34. Rxc4 (34. bxc4 f3 $14) 34... bxc6 35. dxc6 Kxf7) 34. cxb7 Rxc4 35. bxc4 $2 (35. Rxc4 Qe5 36. Re1 Qb2+ 37. Kf1) 35... Qe5 $2 (35... Be5) 36. cxb5 {And now d6 would win.} Qb2+ 37. Kf1 Be5 38. d6 f3 39. gxf3 Qb3 40. Ke2 ({Not} 40. b8=Q Qxf3+ 41. Ke1 Qe3+ 42. Kf1 Qf3+ 43. Kg1 (43. Ke1 Qe3+ 44. Kf1 Qf3+ $11) 43... Qe3+ 44. Kh1 Qf3+ 45. Kg1 Qe3+ 46. Kh1 Qf3+ 47. Kg1 $11) 40... Qe6 41. Rc7+ {White mates.} Kf6 42. b8=Q Bf4+ {[#]} 43. Kd3 $1 Qd5+ {[#]} 44. Kc2 $1 Qa2+ 45. Kc3 Be5+ 46. Kd3 Qb3+ {Accuracy: White = 95%, Black = 47%.} 1-0